Viruela y vacuna: difusión y circulación de una práctica médica. Chile en el contexto hispanoamericano, 1780-1830
Kaydedildi:
| Yazar: | |
|---|---|
| Materyal Türü: | Kitap |
| Dil: | İspanyolca |
| Baskı/Yayın Bilgisi: |
Santiago
Universitaria
2016
|
| Edisyon: | 2a. ed |
| Seri Bilgileri: | Imagen de Chile
|
| Konular: | |
| Etiketler: |
Etiketle
Etiket eklenmemiş, İlk siz ekleyin!
|
MARC
| LEADER | 00000cam a2200000 a 4500 | ||
|---|---|---|---|
| 001 | UCC2657 | ||
| 003 | CL-VaPUC | ||
| 008 | 180316e20160000cl |||||||||||||||||spa|d | ||
| 020 | |a 9789561125254 | ||
| 082 | 0 | 4 | |a 616.912 |b CAF |2 21 |
| 100 | 0 | |a Caffarena Barcenilla, Paula |e author |9 596678 | |
| 245 | 1 | 0 | |a Viruela y vacuna: difusión y circulación de una práctica médica. Chile en el contexto hispanoamericano, 1780-1830 |
| 250 | |a 2a. ed | ||
| 300 | |a 232 p | ||
| 942 | |c BK | ||
| 945 | |d 20180316 12:27:00 |a dcastane | ||
| 260 | |a Santiago |b Universitaria |c 2016 | ||
| 650 | 0 | |a Viruela |9 436945 | |
| 650 | 0 | |a Enfermedades contagiosas |9 392544 | |
| 650 | 7 | |a HISTORIA DE LA MEDICINA |2 CL-VaPUC |9 458623 | |
| 583 | |a last modification |c 20180316 12:27:00 |k Rodrigo Vera | ||
| 490 | 0 | |a Imagen de Chile | |
| 999 | |c 370670 |d 370668 | ||
| 952 | |0 0 |1 0 |3 erb |4 0 |6 616_912000000000000_CAF_2016 |7 0 |8 A |9 487244 |a BIBHIS |b BIBHIS |i 5456231 |l 2 |m 2 |o 616.912 CAF 2016 |p 5456231 |r 2025-04-25 |s 2025-04-07 |w 2019-11-24 |y BK |z Catalogado en:20180316 |k HIS | ||
| 952 | |0 0 |1 0 |3 erb |4 0 |6 616_912000000000000_CAF_2016 |7 0 |8 A |9 487245 |a BIBHIS |b BIBHIS |i 546420K |l 3 |m 1 |o 616.912 CAF 2016 |p 546420K |r 2025-01-20 |s 2022-11-15 |w 2019-11-24 |y BK |z Catalogado en:20180413 |k HIS | ||
| 952 | |0 0 |1 0 |3 erb |4 0 |6 616_912000000000000_CAF_2016 |7 0 |8 A |9 487246 |a BIBHIS |b BIBHIS |i 5464196 |o 616.912 CAF 2016 |p 5464196 |r 2025-01-20 |w 2019-11-24 |y BK |z Catalogado en:20180413 |k HIS | ||